| 000 | 00671nam a22001937a 4500 | ||
|---|---|---|---|
| 008 | 250619b |||||||| |||| 00| 0 spa d | ||
| 020 | _a9786287567535 | ||
| 040 |
_aCO-JMCR _bspa _cCO-JMCR _erda _dCO-JMCR |
||
| 041 | 1 |
_aspa _hita |
|
| 082 | 0 | 4 |
_aA-N _bSCIc _223 |
| 100 | 1 |
_aSciascia, Leonardo, _d1921-1989. _944178 |
|
| 245 | 1 | 3 |
_aEl caso Moro / _cLeonardo Sciascia ; traducción de Juan Manuel Salmerón. |
| 260 |
_bEditorial Planeta Colombia S.A., _c©2022. |
||
| 264 | 1 |
_aBarcelona : _bTusquets Editores, _c2023. |
|
| 300 |
_a205 páginas ; _c23 cm. |
||
| 534 |
_pTítulo original: _tL'Affaire Moro. |
||
| 700 | 1 | 2 |
_aSalmerón, Juan Manuel, _944179 |
| 999 |
_c31014 _d17398 |
||